Atatürk ve milli kültür (Record no. 1459)

MARC details
000 -BAŞLIK
Sabit Uzunlukta Kontrol Alanı 00659na a2200217 4500
001 - KONTROL NUMARASI
Denetim Alanı 13876
003 - KONTROL NUMARASI IDENTIFIER
Denetim Alanı MIRAKIL
005 - SON İŞLEM TARİHİ VE ZAMANI
Denetim Alanı 20181213154823.0
008 - SABİT-BOY VERİ ELEMANLARI - GENEL BİLGİLER
Sabit Uzunlukta Kontrol Alanı 160908b tu 000 0
035 ## - SİSTEM KONTROL NUMARASI
Sistem Kontrol Numarası 13876
040 ## - KATALOGLAMA KAYNAK
Orijinal Kataloglama Ajansı Milas
Kataloglama Dili tur
Metne Dönüştürmek Ajansı TR-AnCHP
082 ## - DEWEY ONLU SINIFLANDIRMA NUMARASI
Sınıflandırma Numarası ATA 301.2
Ürün Numarası C85a 1973
090 ## - SINIFLAMA NUMARASI
Sınıflama Numarası ATA 301.2 C85a 1973
100 ## - ANA GİRİŞ - KİŞİSEL İSİM
Kişisel Ad Cunbur, Müjgan
245 ## - BAŞLIK TABLOSU
Başlık Atatürk ve milli kültür
Sorumluluk Tablosu, Vb Müjgan Cunbur
260 ## - YAYIN, DAĞITIM, VB
Yayın, Dağıtım, Vb Yeri Ankara
Yayıncı, Dağıtıcı, Vs Adı Başbakanlık
Yayın, Dağıtım, Vb Tarihi 1973
300 ## - FİZİKSEL TANIM
Kapsam 70 s.
Boyutlar 24 s.
490 ## - SERİSİ TABLOSU
Seri Beyanı Başbakanlık Kültür Müsteşarlığı Cumhuriyetin 50. Yıldönümü Yayınları
Hacim / Ardışık Tanımı 12
600 ## - KONU KATMA GİRİŞ - KURUMSAL ADI
Kişisel Ad Atatürk, Mustafa Kemal
Bir Adıyla İlişkilendirilen Tarihler 1881-1938
Genel Alt Bölümü Kültür
942 ## - EKLENDİ GİRİŞ ELEMANLARI (KOHA)
Sınıflandırma Veya Raf Düzeni Kaynak Dewey Decimal Classification
Koha Öğesi Türü Books
999 ## - SİSTEM KONTROL NUMARALARI (KOHA)
Koha Biblionumber 1459
Koha Biblioitemnumber 1459
Holdings
Kalıcı Konum Mevcut Konum Edinme Tarihi Edinim Kaynak Toplam Check-Out'Lar Tam Çağrı Numarası Barkod Tarih Son Görülme İtibaren Geçerli Fiyatlar Koha Öğesi Türü Kopya Sayısı
CHP Kütüphanesi CHP Kütüphanesi 08/19/2016 Bağış   ATA 301.2 C85a 1973 001711 08/19/2016 08/19/2016 Books  
CHP Kütüphanesi CHP Kütüphanesi 08/19/2016 Bağış   ATA 301.2 C85a 1973 001712 08/19/2016 08/19/2016 Books k.2